| 000 | 00351nam a22001457a 4500 | ||
|---|---|---|---|
| 020 | _a0-590-46936-3 | ||
| 082 |
_a823 _bWAR/B |
||
| 100 | _aWARNER, GERTRUDE CHANDLER | ||
| 245 | _aWARNER, GERTRUDE CHANDLER | ||
| 260 |
_aNEW YORK _bSCHOLASTIC INC. _c1993 |
||
| 300 | _a121 | ||
| 520 | _aWARNER, GERTRUDE CHANDLER | ||
| 650 | _aSHORT STORY | ||
| 942 | _cBK | ||
| 999 |
_c6496 _d6496 |
||